<?xml version="1.0" encoding="UTF-8"?>
<record
    xmlns:xsi="http://www.w3.org/2001/XMLSchema-instance"
    xsi:schemaLocation="http://www.loc.gov/MARC21/slim http://www.loc.gov/standards/marcxml/schema/MARC21slim.xsd"
    xmlns="http://www.loc.gov/MARC21/slim">

  <leader>01779nam a22002177a 4500</leader>
  <controlfield tag="001">6560</controlfield>
  <controlfield tag="003">FISKH</controlfield>
  <controlfield tag="005">20250509151400.0</controlfield>
  <controlfield tag="008">250509b        cb ||||| |||| 00| 0 eng d</controlfield>
  <datafield tag="040" ind1=" " ind2=" ">
    <subfield code="a">FISKH</subfield>
    <subfield code="b">khr</subfield>
    <subfield code="c">FISKH</subfield>
    <subfield code="d">FISKH</subfield>
  </datafield>
  <datafield tag="082" ind1=" " ind2=" ">
    <subfield code="a">510</subfield>
  </datafield>
  <datafield tag="100" ind1=" " ind2=" ">
    <subfield code="a">Sovan, Meas</subfield>
  </datafield>
  <datafield tag="245" ind1=" " ind2=" ">
    <subfield code="a">&#x179B;&#x17B8;&#x1798;&#x17B8;&#x178F;&#x1793;&#x17B7;&#x1784;&#x1797;&#x17B6;&#x1796;&#x1787;&#x17B6;&#x1794;&#x17CB;&#x1793;&#x17C3;&#x17A2;&#x1793;&#x17BB;&#x1782;&#x1798;&#x1793;&#x17CF; &#x1790;&#x17D2;&#x1793;&#x17B6;&#x1780;&#x17CB;&#x1791;&#x17B8;&#x17E1;&#x17E2;&#x200B; :</subfield>
    <subfield code="b">&#x1780;&#x1798;&#x17D2;&#x179A;&#x1784;&#x179B;&#x17C6;&#x17A0;&#x17B6;&#x178F;&#x17CB;&#x1782;&#x17C6;&#x179A;&#x17BC; &#x1793;&#x17B7;&#x1784;&#x179F;&#x17D2;&#x179A;&#x17B6;&#x179C;&#x1787;&#x17D2;&#x179A;&#x17B6;&#x179C;&#x179A;&#x17BC;&#x1794;&#x1798;&#x1793;&#x17D2;&#x178F; &#x1793;&#x17B7;&#x1784;&#x1782;&#x1793;&#x17D2;&#x179B;&#x17BA;&#x17C7;&#x1791;&#x17D2;&#x179A;&#x17BA;&#x179F;&#x17D2;&#x178F;&#x17B8;&#x179F;&#x17C6;&#x1781;&#x17B6;&#x1793;&#x17CB;&#x17D7; /</subfield>
    <subfield code="c">&#x179A;&#x17C0;&#x1794;&#x179A;&#x17C0;&#x1784;&#x1793;&#x17B7;&#x1784;&#x1785;&#x1784;&#x1780;&#x17D2;&#x179A;&#x1784;&#x178A;&#x17C4;&#x1799; &#x1798;&#x17B6;&#x179F; &#x179F;&#x17BB;&#x179C;&#x178E;&#x17D2;&#x178E; &#x1793;&#x17B7;&#x1784; &#x17A2;&#x1799; &#x179F;&#x17BB;&#x17B8;&#x178E;&#x17B6;</subfield>
  </datafield>
  <datafield tag="260" ind1=" " ind2=" ">
    <subfield code="a">&#x1797;&#x17D2;&#x1793;&#x17C6;&#x1796;&#x17C1;&#x1789; :</subfield>
    <subfield code="b">&#x1794;&#x178E;&#x17D2;&#x178E;&#x17B6;&#x1782;&#x17B6;&#x179A; &#x178F;&#x17B6;&#x1796;&#x17D2;&#x179A;&#x17A0;&#x17D2;&#x1798;&#x200B; ,</subfield>
    <subfield code="c">&#x17E2;&#x17E0;&#x17E1;&#x17E7; . </subfield>
  </datafield>
  <datafield tag="300" ind1=" " ind2=" ">
    <subfield code="a">319 pages :</subfield>
    <subfield code="b">illustrations ; </subfield>
    <subfield code="c">20 cm . </subfield>
  </datafield>
  <datafield tag="520" ind1=" " ind2=" ">
    <subfield code="a">&#x179F;&#x17C0;&#x179C;&#x1797;&#x17C5;&#x1793;&#x17C1;&#x17C7;&#x1795;&#x17D2;&#x178F;&#x179B;&#x17CB;&#x1780;&#x17B6;&#x179A;&#x178E;&#x17C2;&#x1793;&#x17B6;&#x17C6;&#x179B;&#x1798;&#x17D2;&#x17A2;&#x17B7;&#x178F;&#x17A2;&#x17C6;&#x1796;&#x17B8;&#x1798;&#x17C1;&#x179A;&#x17C0;&#x1793;&#x179B;&#x17B8;&#x1798;&#x17B8;&#x178F; &#x1793;&#x17B7;&#x1784;&#x1797;&#x17B6;&#x1796;&#x1787;&#x17B6;&#x1794;&#x17CB;&#x1793;&#x17C3;&#x17A2;&#x1793;&#x17BB;&#x1782;&#x1798;&#x1793;&#x17CD; &#x179F;&#x1798;&#x17D2;&#x179A;&#x17B6;&#x1794;&#x17CB;&#x179F;&#x17B7;&#x179F;&#x17D2;&#x179F;&#x1790;&#x17D2;&#x1793;&#x17B6;&#x1780;&#x17CB;&#x1791;&#x17B8;&#x17E1;&#x17E2;&#x17D4; &#x179C;&#x17B6;&#x1794;&#x17D2;&#x179A;&#x1798;&#x17BC;&#x179B;&#x1795;&#x17D2;&#x178F;&#x17BB;&#x17C6;&#x1798;&#x17C1;&#x179A;&#x17C0;&#x1793;&#x179F;&#x1784;&#x17D2;&#x1781;&#x17C1;&#x1794; &#x1793;&#x17B7;&#x1784;&#x179B;&#x17C6;&#x17A0;&#x17B6;&#x178F;&#x17CB;&#x1782;&#x17C6;&#x179A;&#x17BC;&#x178A;&#x17C2;&#x179B;&#x17A2;&#x17B6;&#x1785;&#x1787;&#x17BD;&#x1799;&#x179F;&#x17B7;&#x179F;&#x17D2;&#x179F;&#x1780;&#x17D2;&#x1793;&#x17BB;&#x1784;&#x1780;&#x17B6;&#x179A;&#x179F;&#x17B7;&#x1780;&#x17D2;&#x179F;&#x17B6; &#x1793;&#x17B7;&#x1784;&#x178F;&#x17D2;&#x179A;&#x17C0;&#x1798;&#x1794;&#x17D2;&#x179A;&#x17A1;&#x1784;&#x1794;&#x17B6;&#x1793;&#x1799;&#x17C9;&#x17B6;&#x1784;&#x1798;&#x17B6;&#x1793;&#x1794;&#x17D2;&#x179A;&#x179F;&#x17B7;&#x1791;&#x17D2;&#x1792;&#x1797;&#x17B6;&#x1796;&#x17D4;</subfield>
  </datafield>
  <datafield tag="520" ind1=" " ind2=" ">
    <subfield code="a">This book provides detailed guidance on the lessons of limits and continuity of functions for Grade 12 students. It includes summarized lessons and sample exercises that can effectively help students study and prepare for exams.




</subfield>
  </datafield>
  <datafield tag="700" ind1=" " ind2=" ">
    <subfield code="a">Samphors , Chrin </subfield>
    <subfield code="e">Illustrator </subfield>
  </datafield>
  <datafield tag="942" ind1=" " ind2=" ">
    <subfield code="2">ddc</subfield>
    <subfield code="c">KHB</subfield>
    <subfield code="n">0</subfield>
  </datafield>
  <datafield tag="999" ind1=" " ind2=" ">
    <subfield code="c">6560</subfield>
    <subfield code="d">6560</subfield>
  </datafield>
  <datafield tag="952" ind1=" " ind2=" ">
    <subfield code="0">0</subfield>
    <subfield code="1">0</subfield>
    <subfield code="2">ddc</subfield>
    <subfield code="4">0</subfield>
    <subfield code="7">0</subfield>
    <subfield code="8">KH</subfield>
    <subfield code="a">002</subfield>
    <subfield code="b">002</subfield>
    <subfield code="c">SKB</subfield>
    <subfield code="d">2025-05-09</subfield>
    <subfield code="l">0</subfield>
    <subfield code="o">SOV 510</subfield>
    <subfield code="p">2025-1247</subfield>
    <subfield code="r">2025-05-09 15:13:53</subfield>
    <subfield code="w">2025-05-09</subfield>
    <subfield code="y">BK</subfield>
  </datafield>
</record>
